[Event "Tbilisi Municipality Cup"]
[Site "?"]
[Date "2009.06.16"]
[Round "2.6"]
[White "Pantsulaia Levan"]
[Black "Jamagidze Mikheil"]
[Result "1/2-1/2"]
[WhiteElo "2581"]
[BlackElo "2263"]
[PlyCount "142"]
[EventDate "2009.??.??"]

1. d4 d5 2. c4 dxc4 3. e3 Nf6 4. Bxc4 e6 5. Nf3 c5 6. Nc3 a6 7. O-O b5 8. Bb3
Bb7 9. Qe2 Nbd7 10. Rd1 Qb6 11. d5 Nxd5 12. Bxd5 exd5 13. Nxd5 Bxd5 14. Rxd5
Be7 15. e4 Rd8 16. Bg5 f6 17. Bf4 O-O 18. Nh4 Rfe8 19. Nf5 Bf8 20. Nd6 Bxd6 21.
Rxd6 Qa5 22. Bd2 Qa4 23. b3 Qa3 24. Bc3 Ne5 25. Qd2 Nf7 26. Rd5 b4 27. Bb2 Qa5
28. Rxd8 Rxd8 29. Qc2 Qb5 30. h3 Qd3 31. Qxc5 Qxe4 32. Rf1 h6 33. Bc1 f5 34. f3
Qd4+ 35. Be3 Qxc5 36. Bxc5 a5 37. Bb6 Rd5 38. Rc1 Nd6 39. Kf1 f4 40. Ke1 g5 41.
Rc5 Rxc5 42. Bxc5 Nb7 43. Bb6 Kf7 44. h4 Ke6 45. h5 Kd5 46. Kd2 Kc6 47. Bd4 Nd6
48. Kd3 Kd5 49. Bb6 Nb7 50. Bd4 Nd6 51. Bf6 Nf7 52. Bg7 Ne5+ 53. Bxe5 Kxe5 54.
Kc4 g4 55. Kc5 Kf5 56. Kb5 Kg5 57. Kxa5 Kxh5 58. fxg4+ Kxg4 59. Kxb4 Kg3 60. a4
Kxg2 61. a5 f3 62. a6 f2 63. a7 f1=Q 64. a8=Q+ Kg3 65. Qd5 Qf8+ 66. Kc4 Qc8+
67. Kd3 Qa6+ 68. Kc3 Qc8+ 69. Kb2 Qf8 70. Kc3 Qc8+ 71. Kd3 Qa6+ 1/2-1/2

[Event "Tbilisi Municipality Cup"]
[Site "?"]
[Date "2009.06.16"]
[Round "2.7"]
[White "Mamedjarova Turkan"]
[Black "Sanikidze Tornike"]
[Result "0-1"]
[WhiteElo "2552"]
[BlackElo "2559"]
[PlyCount "99"]
[EventDate "2009.??.??"]

1. e4 e5 2. Nf3 Nc6 3. Nc3 Nf6 4. d4 exd4 5. Nxd4 Bb4 6. Nxc6 bxc6 7. Bd3 d5 8.
exd5 cxd5 9. O-O O-O 10. Bg5 c6 11. Qf3 Bd6 12. h3 Rb8 13. Rab1 h6 14. Bxf6
Qxf6 15. Qxf6 gxf6 16. Ne2 c5 17. c4 Ba6 18. b3 dxc4 19. bxc4 Be5 20. f4 Bb2
21. Ng3 Rfd8 22. Be2 Rd2 23. Rfd1 Bd4+ 24. Kh2 Rxb1 25. Rxb1 Be3 26. Rf1 Rxa2
27. Rf3 Bc1 28. Bd3 Kf8 29. Rf1 Bb7 30. Be4 Bxe4 31. Nxe4 Rc2 32. Nxc5 Rxc4 33.
Nd3 Be3 34. Kg3 Rd4 35. Nc5 Rd5 36. Ne4 f5 37. Nf6 Rd3 38. Rf3 a5 39. Nd7+ Rxd7
40. Rxe3 a4 41. Kh4 Rd4 42. g3 Rd5 43. g4 Ra5 44. Ra3 fxg4 45. hxg4 Kg7 46. Kg3
Kg6 47. f5+ Kg5 48. Kf3 h5 49. gxh5 Kxf5 50. h6 0-1

[Event "Tbilisi Municipality Cup"]
[Site "?"]
[Date "2009.06.16"]
[Round "2.8"]
[White "Kotanjian Tigran"]
[Black "Kviriashvili Ioseb"]
[Result "*"]
[WhiteElo "2552"]
[BlackElo "2258"]
[PlyCount "101"]
[EventDate "2009.??.??"]

1. d4 Nf6 2. c4 g6 3. Nc3 d5 4. cxd5 Nxd5 5. e4 Nxc3 6. bxc3 Bg7 7. Nf3 c5 8.
Be3 Qa5 9. Qd2 O-O 10. Rc1 Bg4 11. d5 Nd7 12. c4 Qa4 13. Ng5 h6 14. h3 Bh5 15.
g4 hxg5 16. gxh5 f5 17. Bxg5 fxe4 18. hxg6 Ne5 19. Be2 Nf3+ 20. Bxf3 Rxf3 21.
Be3 Qd7 22. d6 Qxd6 23. Qxd6 exd6 24. Rd1 Be5 25. h4 Kg7 26. h5 Rh8 27. Rh4 Rf5
28. h6+ Kxg6 29. Rxe4 Rhf8 30. Ke2 b6 31. Rg1+ Kh7 32. Rgg4 R8f7 33. f4 Bb2 34.
Re6 R5f6 35. Rxf6 Bxf6 36. Kf3 Kxh6 37. f5+ Kh7 38. Bf4 Bg7 39. Ke4 Re7+ 40.
Kd5 Re2 41. Bxd6 Rxa2 42. Ke6 Rf2 43. Be7 Bh6 44. Rh4 Rf4 45. Rh1 Rxc4 46. Bg5
Kg8 47. Rxh6 Re4+ 48. Kf6 c4 49. Kg6 b5 50. f6 Re6 51. Rh7 *

[Event "Tbilisi Municipality Cup"]
[Site "?"]
[Date "2009.06.16"]
[Round "2.9"]
[White "Simonian Tigran"]
[Black "Neverov Valeriy"]
[Result "1/2-1/2"]
[WhiteElo "2247"]
[BlackElo "2552"]
[PlyCount "49"]
[EventDate "2009.??.??"]

1. d4 Nf6 2. c4 g6 3. Nc3 d5 4. Nf3 Bg7 5. Qb3 dxc4 6. Qxc4 O-O 7. e4 Bg4 8.
Be3 Nfd7 9. Qb3 Nb6 10. Rd1 e6 11. Be2 Nc6 12. Ng1 Bxe2 13. Ngxe2 Qe7 14. O-O
Rad8 15. h3 Rd7 16. e5 Rb8 17. Ne4 Qb4 18. Qc2 Qc4 19. Qxc4 Nxc4 20. b3 Nb6 21.
Rc1 Nb4 22. Nc5 Rdd8 23. Nc3 N6d5 24. Nxd5 Nxd5 25. Rc4 1/2-1/2

[Event "Tbilisi Municipality Cup"]
[Site "?"]
[Date "2009.06.16"]
[Round "2.10"]
[White "Shengelia David"]
[Black "Tsatsalashvili Keti"]
[Result "1-0"]
[WhiteElo "2549"]
[BlackElo "2254"]
[PlyCount "69"]
[EventDate "2009.??.??"]

1. Nf3 Nf6 2. b3 d5 3. Bb2 c6 4. e3 Bf5 5. Be2 e6 6. O-O h6 7. Ne5 Nbd7 8. f4
Bd6 9. c4 Qc7 10. d4 O-O 11. Nc3 Ne4 12. Rc1 Nxc3 13. Bxc3 Qd8 14. b4 Nf6 15.
c5 Bxe5 16. dxe5 Ne4 17. Bd4 a6 18. a4 Qd7 19. Bd3 Rfc8 20. Rc2 Rc7 21. g4 Bh7
22. Rg2 Kh8 23. f5 Rg8 24. Qf3 Ng5 25. Qg3 Qd8 26. h4 Ne4 27. Bxe4 dxe4 28. f6
g5 29. Rh2 Qf8 30. Kf2 h5 31. hxg5 Rxg5 32. Rfh1 Rd7 33. Rxh5 Rxh5 34. Rxh5 Qg8
35. Qh4 1-0

[Event "Tbilisi Municipality Cup"]
[Site "?"]
[Date "2009.06.16"]
[Round "2.11"]
[White "Jirkvalishvili Otar"]
[Black "Dzagnidze Nana"]
[Result "0-1"]
[WhiteElo "2226"]
[BlackElo "2541"]
[PlyCount "66"]
[EventDate "2009.??.??"]

1. Nf3 c5 2. g3 Nc6 3. Bg2 d5 4. O-O e5 5. d3 Be7 6. e4 d4 7. c3 Be6 8. a3 g5
9. b4 g4 10. Ne1 Nf6 11. bxc5 h5 12. Bb2 h4 13. cxd4 Nxd4 14. Nc2 Bxc5 15. Nxd4
Bxd4 16. Qa4+ b5 17. Qb4 a5 18. Qd2 hxg3 19. hxg3 Nh5 20. Bxd4 Qxd4 21. Nc3
Nxg3 22. Rfc1 Rb8 23. Qg5 Kd7 24. Nd5 Bxd5 25. exd5 Qf4 26. Qxf4 Ne2+ 27. Kf1
Nxf4 28. Rc6 Rh2 29. Be4 Rbh8 30. Kg1 g3 31. Ra2 g2 32. Bf5+ Ke7 33. d6+ Kf6
0-1

[Event "Tbilisi Municipality Cup"]
[Site "?"]
[Date "2009.06.16"]
[Round "2.12"]
[White "Jojua Davit"]
[Black "Reyhan Dogan"]
[Result "1-0"]
[WhiteElo "2520"]
[BlackElo "2234"]
[PlyCount "61"]
[EventDate "2009.??.??"]

1. d4 Nf6 2. c4 g6 3. Nf3 Bg7 4. g3 O-O 5. Bg2 d6 6. O-O Nc6 7. d5 Na5 8. Nfd2
c6 9. a3 cxd5 10. cxd5 b5 11. b4 Nc4 12. Nxc4 bxc4 13. Be3 a5 14. b5 a4 15. Nc3
Qa5 16. Bd4 Bb7 17. Rb1 Nd7 18. Rb4 Bxd4 19. Qxd4 Nb6 20. Rd1 Rfc8 21. Qe3 Rc7
22. Rd4 Re8 23. Qd2 Qa8 24. e4 Bc8 25. h4 Bd7 26. h5 Kg7 27. e5 Qc8 28. Rh4
dxe5 29. hxg6 h5 30. gxf7 Kxf7 31. Qh6 1-0

[Event "Tbilisi Municipality Cup"]
[Site "?"]
[Date "2009.06.16"]
[Round "2.13"]
[White "Nikolashvili Giorgi"]
[Black "Shanava Konstantine"]
[Result "0-1"]
[WhiteElo "2198"]
[BlackElo "2506"]
[PlyCount "58"]
[EventDate "2009.??.??"]

1. d4 g6 2. c4 Bg7 3. Nf3 c5 4. d5 d6 5. e4 Nf6 6. Nc3 O-O 7. Bd3 e6 8. O-O
exd5 9. exd5 Bg4 10. h3 Bxf3 11. Qxf3 Nbd7 12. Bg5 Ne5 13. Qd1 Qb6 14. f4 Nxd3
15. Qxd3 Nd7 16. Rab1 Rae8 17. Bh4 Re3 18. Qd2 Qb4 19. Bf2 Ree8 20. Qd3 Nb6 21.
Rbc1 Qxc4 22. Qxc4 Nxc4 23. b4 cxb4 24. Nb5 Re4 25. Rfe1 Rxe1+ 26. Bxe1 Ne3 27.
Bxb4 Nxd5 28. Bxd6 Rd8 29. Rc5 a6 0-1

[Event "Tbilisi Municipality Cup"]
[Site "?"]
[Date "2009.06.16"]
[Round "2.14"]
[White "Harutjunyan Gevorg"]
[Black "Chkhaidze Nikoloz"]
[Result "1/2-1/2"]
[WhiteElo "2504"]
[BlackElo "2228"]
[PlyCount "97"]
[EventDate "2009.??.??"]

1. Nf3 Nf6 2. g3 b5 3. Bg2 Bb7 4. d4 e6 5. O-O c5 6. Na3 b4 7. Nc4 d5 8. Nce5
Nbd7 9. c4 Be7 10. cxd5 Bxd5 11. Ng5 O-O 12. e4 Bb7 13. Nexf7 Rxf7 14. Nxe6 Qb6
15. d5 c4 16. Be3 Nc5 17. e5 Nfd7 18. f4 Qa5 19. Nd4 Nb6 20. d6 Bxg2 21. Kxg2
Bf8 22. e6 Nxe6 23. Nxe6 Re8 24. f5 Nd5 25. Bc5 Qxc5 26. Nxc5 Ne3+ 27. Kh3 Nxd1
28. Raxd1 Rd8 29. Ne4 Rfd7 30. Rd4 c3 31. bxc3 bxc3 32. Rc1 Bxd6 33. Rxc3 Be7
34. Rxd7 Rxd7 35. Kg4 Kf7 36. Rc4 g6 37. fxg6+ hxg6 38. Ra4 Rb7 39. h4 Rb4 40.
Rxb4 Bxb4 41. Kf4 Be1 42. Kg5 a6 43. Kf4 a5 44. a3 Ke6 45. Kf3 Kd5 46. Ke3 a4
47. Kd3 Ke5 48. Ke3 Kd5 49. Kd3 1/2-1/2

[Event "Tbilisi Municipality Cup"]
[Site "?"]
[Date "2009.06.16"]
[Round "2.15"]
[White "Ghassan M.A"]
[Black "Margvelashvili Giorgi"]
[Result "0-1"]
[WhiteElo "2193"]
[BlackElo "2491"]
[PlyCount "36"]
[EventDate "2009.??.??"]

1. e4 c6 2. d4 d5 3. Nc3 dxe4 4. Nxe4 Bf5 5. Ng3 Bg6 6. h4 h6 7. Nf3 Nd7 8. Bd3
Bxd3 9. Qxd3 e6 10. Bd2 Ngf6 11. O-O-O Be7 12. Qe2 O-O 13. Ne5 Qc7 14. Nh5 Rad8
15. Rh3 Nxh5 16. Qxh5 Nf6 17. Qe2 Rxd4 18. g4 Re4 0-1

[Event "Tbilisi Municipality Cup"]
[Site "?"]
[Date "2009.06.16"]
[Round "2.16"]
[White "Maghalashvili Davit"]
[Black "Lortkipanidze Nodar"]
[Result "1/2-1/2"]
[WhiteElo "2490"]
[BlackElo "2223"]
[PlyCount "112"]
[EventDate "2009.??.??"]

1. d4 Nf6 2. c4 e5 3. dxe5 Ng4 4. Nf3 Nc6 5. Bf4 Bb4+ 6. Nbd2 Qe7 7. a3 Ngxe5
8. Nxe5 Nxe5 9. e3 Bxd2+ 10. Qxd2 d6 11. Be2 Bd7 12. Qc3 Bc6 13. O-O Ng6 14.
Qxg7 O-O-O 15. Qd4 Rhg8 16. f3 Kb8 17. Rf2 Rde8 18. Bd3 h5 19. b4 Nxf4 20. exf4
Qe3 21. Qxe3 Rxe3 22. Be2 Rge8 23. Bf1 Ba4 24. Rd2 h4 25. Kf2 Rc3 26. Re2 Rxe2+
27. Bxe2 Bb3 28. g4 Kc8 29. f5 Kd7 30. Re1 Rc2 31. Ke3 f6 32. Bd1 Rc1 33. Kd2
Rb1 34. Be2 Rxe1 35. Kxe1 d5 36. cxd5 Kd6 37. Kd2 Kxd5 38. Ke3 c5 39. bxc5 Kxc5
40. Kf4 b5 41. g5 a5 42. gxf6 a4 43. Ke3 b4 44. axb4+ Kxb4 45. Bd1 Bf7 46. Bxa4
Kxa4 47. Kf4 Kb5 48. Kg5 Kc6 49. Kh6 Kd7 50. Kg5 Ke8 51. Kh6 Kf8 52. f4 Kg8 53.
Kg5 Kf8 54. Kxh4 Bg8 55. Kh5 Kf7 56. Kg5 Bh7 1/2-1/2

[Event "Tbilisi Municipality Cup"]
[Site "?"]
[Date "2009.06.16"]
[Round "2.17"]
[White "Rasulov Vugar"]
[Black "Khmiadashvili Tamar"]
[Result "1-0"]
[WhiteElo "2488"]
[BlackElo "2216"]
[PlyCount "85"]
[EventDate "2009.??.??"]

1. e4 c6 2. d4 g6 3. Nc3 Bg7 4. Be3 d5 5. Be2 Nh6 6. Qd2 Ng4 7. Bxg4 Bxg4 8. f3
Be6 9. Nge2 f6 10. a3 Bf7 11. Bh6 O-O 12. Bxg7 Kxg7 13. O-O-O Na6 14. h4 Nc7
15. g4 h6 16. f4 dxe4 17. Nxe4 Bd5 18. N2c3 Bxe4 19. Nxe4 Qd5 20. Qe3 Qa2 21.
Nc5 Nd5 22. Qf3 Qa1+ 23. Kd2 Qxb2 24. Ne6+ Kf7 25. f5 b5 26. Rb1 Qa2 27. g5 Qc4
28. Rb3 Rh8 29. h5 gxf5 30. Qxf5 hxg5 31. Nxg5+ Ke8 32. Ne6 Rg8 33. Rh2 Rg1 34.
h6 Rf1 35. h7 Rxf5 36. h8=Q+ Kf7 37. Qxa8 Nb6 38. Qxc6 Qf1 39. Nd8+ Kf8 40.
Rh8+ Kg7 41. Rg3+ Rg5 42. Rxg5+ Kxh8 43. Qe8+ 1-0

[Event "Tbilisi Municipality Cup"]
[Site "?"]
[Date "2009.06.16"]
[Round "2.18"]
[White "Manashvili Aleko"]
[Black "Kekelidze Mikheil"]
[Result "0-1"]
[WhiteElo "2184"]
[BlackElo "2468"]
[PlyCount "80"]
[EventDate "2009.??.??"]

1. e4 c5 2. Nf3 e6 3. d4 cxd4 4. Nxd4 a6 5. Nc3 b5 6. Bd3 Qb6 7. Nb3 Nc6 8. Be3
Qc7 9. O-O Nf6 10. f4 d6 11. a3 Be7 12. Nd4 Nxd4 13. Bxd4 e5 14. Be3 O-O 15. f5
Bb7 16. Qf3 Rfe8 17. Rad1 Rad8 18. Kh1 Bc6 19. Bg5 Nd7 20. Be3 Qb7 21. Nd5 Bxd5
22. exd5 Nf6 23. Be4 Rc8 24. Rfe1 Rc4 25. Bd2 Nxe4 26. Rxe4 Qxd5 27. Rxc4 Qxc4
28. Bc3 e4 29. Qg3 f6 30. Qe3 Bf8 31. g4 d5 32. Qd4 Qxd4 33. Rxd4 Rd8 34. Bb4
Bxb4 35. axb4 Kf7 36. Kg2 Ke7 37. Kf2 Kd6 38. c3 Ke5 39. Ke3 h5 40. gxh5 Rh8
0-1

[Event "Tbilisi Municipality Cup"]
[Site "?"]
[Date "2009.06.16"]
[Round "2.19"]
[White "Bagaturov Giorgi"]
[Black "Tsixelashvili Giorgi"]
[Result "1-0"]
[WhiteElo "2467"]
[BlackElo "2206"]
[PlyCount "51"]
[EventDate "2009.??.??"]

1. d4 d5 2. c4 dxc4 3. e3 c5 4. Bxc4 Nf6 5. Nf3 e6 6. O-O Nc6 7. Qe2 a6 8. dxc5
Bxc5 9. a3 b5 10. Bd3 b4 11. Nbd2 O-O 12. Ne4 Be7 13. Rd1 Qb6 14. Ned2 Rd8 15.
Nc4 Qc5 16. e4 e5 17. axb4 Qxb4 18. Nfxe5 Nxe5 19. Nxe5 Bb7 20. Bd2 Qxb2 21.
Nc4 Qb3 22. Ba5 Rd4 23. Rab1 Rxd3 24. Rxb3 Rxb3 25. e5 Nd5 26. Nd6 1-0

[Event "Tbilisi Municipality Cup"]
[Site "?"]
[Date "2009.06.16"]
[Round "2.20"]
[White "Qalagashvili Pridon"]
[Black "Nigalidze Gaioz"]
[Result "0-1"]
[WhiteElo "2170"]
[BlackElo "2466"]
[PlyCount "70"]
[EventDate "2009.??.??"]

1. c4 Nf6 2. Nc3 e6 3. Nf3 d5 4. d4 Be7 5. g3 O-O 6. Bg2 dxc4 7. O-O Nc6 8. e4
a6 9. e5 Nd5 10. Qe2 b5 11. a4 Rb8 12. axb5 axb5 13. Rd1 Ncb4 14. h4 Nxc3 15.
bxc3 Nd3 16. Bg5 Bb7 17. Bxe7 Qxe7 18. Ng5 Bxg2 19. Kxg2 c5 20. Rxd3 cxd3 21.
Qxd3 g6 22. Ne4 cxd4 23. Nf6+ Kg7 24. h5 dxc3 25. Qe3 h6 26. g4 c2 27. g5 Rbc8
28. gxh6+ Kh8 29. Ne4 b4 30. Nd6 Rc3 31. Qf4 g5 32. Qd2 Qc7 33. Kh2 Qc5 34. f4
c1=Q 35. Nxf7+ Rxf7 0-1

[Event "Tbilisi Municipality Cup"]
[Site "?"]
[Date "2009.06.16"]
[Round "2.21"]
[White "Supatashvili Khvicha"]
[Black "Musayev Eldar Elmar oglu"]
[Result "1-0"]
[WhiteElo "2464"]
[BlackElo "2200"]
[PlyCount "141"]
[EventDate "2009.??.??"]

1. d4 Nf6 2. c4 e6 3. Nf3 d5 4. Nc3 Be7 5. Bg5 Nbd7 6. e3 O-O 7. Rc1 c6 8. Bd3
Re8 9. O-O Nf8 10. Qc2 Ng6 11. Ne5 Nh5 12. Bxe7 Qxe7 13. f4 Nf8 14. g4 Nf6 15.
Rf3 Bd7 16. Rh3 dxc4 17. Bxc4 Nd5 18. g5 f6 19. gxf6 gxf6 20. Rg3+ Kh8 21. Qg2
Ng6 22. Nxg6+ hxg6 23. Bd3 f5 24. Rxg6 Rg8 25. Rh6+ Qh7 26. Rxh7+ Kxh7 27.
Qxg8+ Rxg8+ 28. Kf2 Nf6 29. h3 Kh6 30. Be2 Be8 31. Bf3 Bh5 32. Bh1 Be8 33. Na4
Bd7 34. Nc5 Bc8 35. Bf3 Rg7 36. b4 a6 37. a4 Ne8 38. e4 fxe4 39. Nxe4 Rd7 40.
Ke3 Ng7 41. Ng3 Rd6 42. Rc5 Bd7 43. Ne4 Rd5 44. Bg4 b6 45. Rc1 Nf5+ 46. Bxf5
Rxf5 47. a5 bxa5 48. Nc5 Be8 49. bxa5 Rh5 50. Rh1 Kg6 51. Rg1+ Kf6 52. Ne4+ Ke7
53. Nc5 Bd7 54. Rb1 Bc8 55. Rc1 Bd7 56. Ke4 Kd6 57. Rc3 Be8 58. Rb3 Bg6+ 59.
Ke3 Bf5 60. Rb6 Bxh3 61. Ne4+ Kc7 62. Nc5 Bf5 63. Nxa6+ Kd6 64. Nc5 Rh3+ 65.
Kd2 Kd5 66. a6 Ra3 67. Rb4 Ra2+ 68. Kc3 e5 69. fxe5 Bc8 70. Rb8 Bxa6 71. Rd8#
1-0

[Event "Tbilisi Municipality Cup"]
[Site "?"]
[Date "2009.06.16"]
[Round "2.22"]
[White "Sulashvili Giorgi"]
[Black "Javakhishvili Lela"]
[Result "0-1"]
[WhiteElo "2163"]
[BlackElo "2463"]
[PlyCount "94"]
[EventDate "2009.??.??"]

1. e4 c5 2. Nf3 e6 3. d4 cxd4 4. Nxd4 a6 5. Bd3 Bc5 6. Nb3 Be7 7. O-O Nc6 8. f4
d6 9. Be3 Nf6 10. c4 h5 11. h3 h4 12. Nc3 Nh5 13. Qd2 g5 14. fxg5 Ne5 15. Ne2
Rg8 16. Rad1 Bd7 17. Nbd4 Bxg5 18. Bxg5 Qxg5 19. Qxg5 Rxg5 20. Nf3 Nxf3+ 21.
Rxf3 Ke7 22. Rd2 Rag8 23. Rf2 e5 24. Kh2 Bc6 25. Nc3 Nf4 26. Bc2 f5 27. Nd5+
Bxd5 28. cxd5 Nh5 29. exf5 Kf6 30. Bd1 Ng3 31. Rc2 Rxf5 32. Bg4 Rxf2 33. Rxf2+
Kg6 34. Be6 Rg7 35. Rf8 e4 36. Rc8 Kf6 37. Kg1 Ke5 38. Kf2 Kd4 39. Rc1 Nh5 40.
Rd1+ Ke5 41. Bg4 Rf7+ 42. Ke3 Nf4 43. Be6 Nxg2+ 44. Kd2 Rf2+ 45. Kc3 Nf4 46.
Bc8 e3 47. Re1 Ng2 0-1

[Event "Tbilisi Municipality Cup"]
[Site "?"]
[Date "2009.06.16"]
[Round "2.23"]
[White "Gaprindashvili Valeriane"]
[Black "Tovmasian Vardges"]
[Result "1-0"]
[WhiteElo "2453"]
[BlackElo "2195"]
[PlyCount "107"]
[EventDate "2009.??.??"]

1. d4 Nf6 2. c4 c5 3. d5 b5 4. cxb5 a6 5. b6 d6 6. Nc3 g6 7. e4 Bg7 8. Be2 Nbd7
9. a4 a5 10. Nf3 O-O 11. O-O Nxb6 12. Bf4 Bg4 13. Nd2 Bxe2 14. Qxe2 Nbd7 15.
Rab1 Rb8 16. Nb5 Ra8 17. Nc4 Nb6 18. b3 Nfd7 19. Rbd1 Nxc4 20. bxc4 Nb6 21. Qc2
Qd7 22. Rfe1 Nc8 23. Rd3 Re8 24. f3 Ra6 25. Red1 Bd4+ 26. Nxd4 cxd4 27. Rxd4
Nb6 28. c5 dxc5 29. Qxc5 Nxa4 30. Qc4 Rf6 31. Qxa4 Qxa4 32. Rxa4 Rxf4 33. Rxa5
f5 34. e5 Rb4 35. Rd2 Rb7 36. Rc2 Rd8 37. Kf2 Kf7 38. h4 Kg7 39. Ke3 Rb3+ 40.
Kd4 Rd7 41. Rac5 Rb4+ 42. Ke3 Rxh4 43. Rc7 Rxd5 44. Rxe7+ Kh6 45. f4 Ra5 46.
Rc3 Ra2 47. g3 Rh3 48. Kd4 Ra4+ 49. Kd5 Ra5+ 50. Ke6 Ra6+ 51. Kf7 Kh5 52. Rd7
Rh1 53. Re3 Rha1 54. e6 1-0

[Event "Tbilisi Municipality Cup"]
[Site "?"]
[Date "2009.06.16"]
[Round "2.24"]
[White "Vakhania Alexandra"]
[Black "Benidze Davit"]
[Result "0-1"]
[WhiteElo "2150"]
[BlackElo "2442"]
[PlyCount "38"]
[EventDate "2009.??.??"]

1. Nf3 Nf6 2. d4 e6 3. Bg5 h6 4. Bxf6 Qxf6 5. e4 c5 6. Nc3 cxd4 7. e5 Qd8 8.
Qxd4 Nc6 9. Qe4 Qb6 10. O-O-O a6 11. Nd2 Qxf2 12. Nc4 b5 13. Ne3 Bc5 14. Ncd5
Ra7 15. Bxb5 axb5 16. Rd2 exd5 17. Nxd5 Ra4 18. b4 Bxb4 19. Nxb4 Nxb4 0-1

[Event "Tbilisi Municipality Cup"]
[Site "?"]
[Date "2009.06.16"]
[Round "2.25"]
[White "Sulashvili Malkhaz"]
[Black "Ter-Karapetian Alexi"]
[Result "1-0"]
[WhiteElo "2442"]
[BlackElo "2191"]
[PlyCount "99"]
[EventDate "2009.??.??"]

1. d4 Nf6 2. c4 e6 3. Nf3 Bb4+ 4. Nbd2 d5 5. e3 O-O 6. a3 Be7 7. Bd3 b6 8. O-O
Bb7 9. b4 c5 10. bxc5 bxc5 11. Rb1 Ba6 12. Ne5 Bd6 13. Bb2 Nbd7 14. cxd5 Bxd3
15. Nxd3 Nxd5 16. Nc4 Be7 17. dxc5 Bf6 18. Qa4 Qc7 19. Bxf6 N7xf6 20. Qa5 Rfc8
21. Qxc7 Rxc7 22. Nd6 Nc3 23. Rb3 Nce4 24. Nxe4 Nxe4 25. Rc1 Rac8 26. f3 Nf6
27. e4 Kf8 28. Kf2 Nd7 29. Rbc3 Rc6 30. Ke3 e5 31. Rb3 R8c7 32. Rb5 f6 33. Ra5
Ke8 34. h4 h5 35. g4 hxg4 36. fxg4 a6 37. g5 fxg5 38. hxg5 Ke7 39. Kf3 Rc8 40.
Kg4 Rf8 41. Rb1 Rfc8 42. Rb7 Re6 43. Nb4 Ke8 44. c6 Nb8 45. c7 Nd7 46. Rxa6 Nc5
47. Rxe6+ Nxe6 48. Nd5 Kd7 49. Rb8 Rf8 50. c8=Q+ 1-0

[Event "Tbilisi Municipality Cup"]
[Site "?"]
[Date "2009.06.16"]
[Round "2.26"]
[White "Aliyev Elnur"]
[Black "Melia Salome"]
[Result "0-1"]
[WhiteElo "2144"]
[BlackElo "2440"]
[PlyCount "106"]
[EventDate "2009.??.??"]

1. d4 Nf6 2. c4 e6 3. Nf3 c5 4. d5 exd5 5. cxd5 d6 6. Nc3 g6 7. Nd2 Nbd7 8. e4
Bg7 9. Be2 O-O 10. O-O a6 11. a4 Re8 12. f3 Nh5 13. f4 Bd4+ 14. Kh1 Ng7 15. Nf3
Bxc3 16. bxc3 Rxe4 17. Bd3 Re8 18. c4 Nf6 19. Bb2 Bf5 20. Qd2 Bxd3 21. Qxd3 Ne4
22. Ng5 f5 23. Nxe4 Rxe4 24. Rae1 Qe7 25. Qc3 Re8 26. Rxe4 fxe4 27. Re1 Qf7 28.
Re3 Re7 29. Qxg7+ Qxg7 30. Bxg7 Kxg7 31. g3 Kf6 32. Kg2 g5 33. fxg5+ Kxg5 34.
Kf2 Kf5 35. Rb3 Ke5 36. Ke3 Rf7 37. Rb6 h5 38. a5 h4 39. gxh4 Rf3+ 40. Ke2 Rh3
41. Rxb7 Rxh2+ 42. Ke3 Rh3+ 43. Ke2 Kd4 44. Rb6 Rh2+ 45. Kf1 e3 46. Rxd6 e2+
47. Ke1 Kd3 48. Re6 Rh1+ 49. Kf2 Rf1+ 50. Kg3 e1=Q+ 51. Rxe1 Rxe1 52. Kf4 Kxc4
53. d6 Re6 0-1

[Event "Tbilisi Municipality Cup"]
[Site "?"]
[Date "2009.06.16"]
[Round "2.27"]
[White "Azaladze Shota"]
[Black "Beradze Irakli"]
[Result "1/2-1/2"]
[WhiteElo "2434"]
[BlackElo "2171"]
[PlyCount "138"]
[EventDate "2009.??.??"]

1. Nf3 d5 2. g3 Nf6 3. Bg2 Bf5 4. O-O e6 5. d3 Be7 6. Nbd2 c5 7. Nh4 Bg4 8. h3
Bh5 9. g4 Bg6 10. e3 Nc6 11. Qe2 Qc7 12. f4 Nd7 13. Ndf3 f6 14. Nxg6 hxg6 15.
Bd2 O-O-O 16. a3 e5 17. e4 d4 18. f5 gxf5 19. exf5 Nb6 20. Qe4 Bd6 21. Be1 Ne7
22. Ba5 Ned5 23. Bxb6 Nxb6 24. a4 Qc6 25. Qe1 Qc7 26. Nd2 Be7 27. a5 Nd5 28. a6
b6 29. Nc4 b5 30. Bxd5 Rxd5 31. Qe4 Rd7 32. Kg2 Kb8 33. Nd2 Rd6 34. Rh1 Qc6 35.
Ra5 Qxe4+ 36. Nxe4 Rb6 37. h4 c4 38. Kf3 Kc7 39. Raa1 Rc6 40. g5 cxd3 41. cxd3
Kb6 42. g6 Rc2 43. h5 Rh6 44. Nf2 Rxb2 45. Ng4 Rh8 46. h6 gxh6 47. Rxh6 Rxh6
48. g7 Rh3+ 49. Ke4 Kc5 50. Re1 Rf2 51. Nxf2 Rg3 52. Rc1+ Kd6 53. Re1 Rxg7 54.
Kf3 Kc6 55. Rc1+ Kb6 56. Ke4 Rg2 57. Rf1 b4 58. Kd5 b3 59. Ke6 b2 60. Ne4 Rc2
61. Rb1 Ba3 62. Kxf6 Kb5 63. Kxe5 Kb4 64. Kxd4 Kb3 65. f6 Rc1 66. Rxb2+ Bxb2+
67. Kd5 Rc7 68. d4 Kb4 69. Ke5 Kc4 1/2-1/2

[Event "Tbilisi Municipality Cup"]
[Site "?"]
[Date "2009.06.16"]
[Round "2.28"]
[White "Zhorzholiani Meri"]
[Black "Khurtsidze nino"]
[Result "1/2-1/2"]
[WhiteElo "2135"]
[BlackElo "2424"]
[PlyCount "37"]
[EventDate "2009.??.??"]

1. Nf3 d5 2. g3 Nf6 3. Bg2 b5 4. O-O c5 5. d4 e6 6. Nbd2 Nbd7 7. b3 Be7 8. Bb2
Rb8 9. dxc5 Nxc5 10. Be5 Bd6 11. c4 b4 12. cxd5 exd5 13. Bxd6 Qxd6 14. Nc4 Qe7
15. Ne3 Be6 16. Ne5 Rc8 17. Qd4 Nce4 18. Bxe4 dxe4 19. Rac1 1/2-1/2

[Event "Tbilisi Municipality Cup"]
[Site "?"]
[Date "2009.06.16"]
[Round "2.29"]
[White "Bregadze Levan"]
[Black "Danelia Mariam"]
[Result "1-0"]
[WhiteElo "2420"]
[BlackElo "2168"]
[PlyCount "93"]
[EventDate "2009.??.??"]

1. Nf3 Nf6 2. c4 g6 3. b3 Bg7 4. Bb2 O-O 5. d3 c5 6. Nbd2 Nc6 7. e3 d6 8. Be2
a6 9. O-O b6 10. d4 cxd4 11. exd4 d5 12. Ne5 Bb7 13. Nxc6 Bxc6 14. Nf3 Ne4 15.
Rc1 Bb7 16. Re1 Rc8 17. Rc2 dxc4 18. bxc4 Nd6 19. Bd3 Qd7 20. Qe2 Qg4 21. h3
Qf4 22. Qd2 Qxd2 23. Nxd2 Rc7 24. Nb3 Nf5 25. a4 Rd8 26. d5 Bxb2 27. Rxb2 Nd6
28. Nd2 b5 29. axb5 axb5 30. cxb5 Bxd5 31. b6 Rc3 32. Be4 Nxe4 33. Nxe4 Rcc8
34. b7 Rb8 35. Nc5 Kf8 36. Rc1 Ke8 37. Rb6 Rd6 38. Rxd6 exd6 39. Na6 Rxb7 40.
Nc7+ Kd7 41. Nxd5 Ke6 42. Nc3 Rb3 43. Re1+ Kd7 44. Ne4 h5 45. Nf6+ Kc6 46. Rc1+
Kb6 47. Nd5+ 1-0

[Event "Tbilisi Municipality Cup"]
[Site "?"]
[Date "2009.06.16"]
[Round "2.30"]
[White "Tsalughelashvili Lile"]
[Black "Chighladze Iveri"]
[Result "0-1"]
[WhiteElo "2113"]
[BlackElo "2418"]
[PlyCount "78"]
[EventDate "2009.??.??"]

1. d4 g6 2. c4 Bg7 3. Nc3 d6 4. e4 Nc6 5. Be3 e5 6. d5 Nce7 7. b4 f5 8. f3 Nf6
9. Be2 O-O 10. Nh3 f4 11. Bf2 h6 12. c5 g5 13. Rc1 Ne8 14. Qc2 Ng6 15. cxd6
cxd6 16. Nb5 a5 17. Nc7 Qxc7 18. Qxc7 Nxc7 19. Rxc7 axb4 20. Rc2 Ra3 21. Kd2
Bd7 22. Rb1 Rc8 23. Rcb2 Bf6 24. Ke1 Bd8 25. Kf1 Ba5 26. Be1 Bxh3 27. gxh3 Nh4
28. Bxh4 gxh4 29. Bd1 Kf7 30. Rg2 Kf6 31. Bb3 Bb6 32. Rg4 h5 33. Rg2 Rc3 34.
Bd1 Bc5 35. Rb3 Rc1 36. Rd2 Ra8 37. Ke2 Rg8 38. Kd3 Rg1 39. Bc2 b5 0-1

[Event "Tbilisi Municipality Cup"]
[Site "?"]
[Date "2009.06.16"]
[Round "2.31"]
[White "Morchiashvili Bachana"]
[Black "Khomeriki Giorgi"]
[Result "1-0"]
[WhiteElo "2412"]
[BlackElo "2154"]
[PlyCount "97"]
[EventDate "2009.??.??"]

1. d4 Nf6 2. Nf3 e6 3. c4 c5 4. g3 b6 5. d5 b5 6. dxe6 fxe6 7. cxb5 d5 8. Bg2
Bd6 9. O-O O-O 10. Nc3 Qe7 11. e4 dxe4 12. Ng5 Bb7 13. Qb3 Bd5 14. Nxd5 exd5
15. Nxe4 Nbd7 16. Nxf6+ Nxf6 17. Bxd5+ Nxd5 18. Qxd5+ Kh8 19. Bg5 Qe5 20. Qxe5
Bxe5 21. Rac1 Bd4 22. Be3 Rfb8 23. a4 a6 24. Bxd4 cxd4 25. Rc5 axb5 26. Rxb5
Rxb5 27. axb5 Ra4 28. Rd1 Kg8 29. Kg2 Rb4 30. Rd2 Rxb5 31. Kf3 Kf7 32. Ke4 Rb4
33. Kd5 Kf6 34. Kc5 Rb8 35. Kxd4 Kf5 36. f3 Rb3 37. Kc5 g5 38. Rf2 h5 39. Kc4
Re3 40. b4 h4 41. b5 Ke5 42. gxh4 gxh4 43. f4+ Kd6 44. f5 Re4+ 45. Kd3 Re8 46.
f6 h3 47. f7 Rf8 48. b6 Ke7 49. Ke4 1-0